Emloyment of Foreign Labor Force in Slovakia

Analýza súčasného stavu zamestnávania cudzej pracovnej sily z Európskej únie, najmä z krajín mimo EÚ. Pobyt občanov EÚ na území Slovenskej republiky. Základný legislatívny rámec upravujúci podmienky pobytu cudzincov na území Slovenskej republiky.

Salvato in:
Dettagli Bibliografici
Autore principale: Bajzík, Peter
Altri autori: Nováček, Peter
Natura: Capitolo di libro
Lingua:inglese
Soggetti:
Tags: Aggiungi Tag
Nessun Tag, puoi essere il primo ad aggiungerne!!

MARC

LEADER 00000naa a2200000 4500
001 0271768
005 20210129103403.2
041 0 |a eng 
044 |a SK 
245 1 0 |a Emloyment of Foreign Labor Force in Slovakia  |c Peter Bajzík, Peter Nováček 
520 |a Analýza súčasného stavu zamestnávania cudzej pracovnej sily z Európskej únie, najmä z krajín mimo EÚ. Pobyt občanov EÚ na území Slovenskej republiky. Základný legislatívny rámec upravujúci podmienky pobytu cudzincov na území Slovenskej republiky. 
610 2 0 |a zamestnanosť 
610 2 0 |a sily pracovné 
610 2 0 |a Slovensko 
610 2 0 |a cudzinci 
610 2 0 |a pobyt cudzincov 
100 1 |a Bajzík, Peter 
700 1 |a Nováček, Peter